Statistics for Guess the Taylor Swift song with no hints ~17

Click here to take the quiz!

General Stats

  • This quiz has been taken 225 times
  • The average score is 201 of 293

Answer Stats

Answer% Correct
I
99%
a
98%
you
98%
the
96%
me
94%
It
93%
it
93%
And
91%
and
91%
In
90%
in
90%
my
90%
your
90%
Your
90%
love
89%
on
89%
to
88%
that
86%
who
86%
so
85%
So
85%
they
85%
it's
84%
It's
84%
Then
84%
then
84%
was
84%
but
81%
But
81%
were
81%
what
81%
all
80%
of
80%
for
79%
did
78%
if
77%
just
75%
How
74%
how
74%
are
72%
didn't
71%
one
69%
as
68%
As
68%
some
68%
would
68%
night
66%
there
65%
from
61%
been
60%
out
60%
thought
60%
Got
59%
up
59%
get
57%
isn't
56%
than
54%
wrong
54%
yeah
53%
couldn't
52%
down
52%
existed
52%
forgot
52%
hate
52%
nice
52%
kill
50%
gone
49%
mind
48%
indifference
47%
right
47%
something
47%
away
46%
days
46%
Even
46%
happened
46%
more
46%
peaceful
46%
magical
45%
many
45%
thinking
45%
quiet
44%
Free
43%
Would've
43%
would've
43%
came
42%
going
41%
'Bout
40%
hard
40%
show
40%
'Til
40%
blur
39%
clear
39%
message
39%
soon
39%
feelings
38%
lessons
38%
lips
38%
Sent
38%
Drake
37%
forget
37%
sunshine
37%
name
35%
showed
35%
Taught
35%
around
34%
living
34%
shade
34%
whole
34%
Lived
33%
ground
32%
nobody
32%
popcorn
32%
rent
32%
rep
32%
spent
32%
started
32%
town
32%
ya
32%
hit
31%
tied
31%
front
30%
throwing
30%
tongue
30%
row
29%
stuck
29%
fought
28%
Tripped
27%
Laughed
24%
schoolyard
23%

Score Distribution

Percentile by Number Answered

Percent of People with Each Score

Your Score History

You have not taken this quiz